Les pays plus peuplés que la France - Mort Subite - Statistiques

Statistiques générales
  • Ce quiz a été pris 675 fois
  • Le résultat moyen est 6 sur 17
Answers on the Grid
Answers color-coded by a green-red scale on the quiz's grid according to % correct below.
Viêt Nam
Corée du Sud
Nigeria
Birmanie
Australie
Allemagne
Tanzanie
Mexique
République Démocratique du Congo
Inde
Espagne
Kenya
Philippines
Iran
Colombie
Egypte
Pakistan
Royaume-Uni
Argentine
Turquie
Algérie
Russie
Italie
Bangladesh
Chine
Canada
Arabie Saoudite
Ethiopie
Afrique du Sud
Thaïlande
 
Statistiques - réponses
Réponse % Correct
Inde
56%
Nigeria
56%
Viêt Nam
53%
Allemagne
50%
Chine
46%
Mexique
46%
Russie
43%
République Démocratique du Congo
42%
Pakistan
38%
Bangladesh
33%
Egypte
32%
Philippines
32%
Turquie
28%
Ethiopie
26%
Iran
24%
Thaïlande
19%
Royaume-Uni
16%
Aucun quiz correspondant
Distribution des résultats
% des personnes avec chaque résultat
Percentile par nombre de réponses
Votre historique - résultats
Vous n’avez pas pris ce quiz